Harry Potter: Wer tötete wen - Statistiken

Allgemein
  • Dieses Quiz wurde 14.381 mal gespielt
  • Das Durchschnittsergebnis liegt bei 12 aus 16
Antwortstatistiken
Opfer Mörder % Korrekt
Voldemort Voldemorts zurückkommender Fluch/Harry Potter
99%
Severus Snape Nagini/Voldemort
98%
Lily Potter Voldemort
98%
James Potter Voldemort
98%
Alastor Moody Voldemort
98%
Sirius Black Bellatrix Lestrange
97%
Dobby Bellatrix Lestrange
97%
Nymphadora Tonks Bellatrix Lestrange
97%
Albus Dumbledore Severus Snape
96%
Bellatrix Lestrange Molly Weasley
84%
Cedric Diggory Peter Pettigrew
80%
Barty Crouch Sr. Barty Crouch Jr.
55%
Peter Pettigrew Peter Pettigrews Silberne Hand
34%
Barty Crouch Jr. Dementor
23%
Remus Lupin Antonin Dolohow
7%
Fred Weasley Augustus Rookwood
4%
Keine übereinstimmenden Quizze gefunden
Verteilung der Resultate
Anzahl Personen mit jedem Resultat
Perzentil nach korrekt beantworteten Fragen
Ihre Resultats-Entwicklung
Sie haben dieses Quiz noch nicht gespielt